Správa o 27. schôdzi Národnej rady Slovenskej republiky - 5. rokovací deň - 21. mája 1997 1. volebné obdobie

Guardado en:
Detalles Bibliográficos
Formato: Libro
Lenguaje:eslovaco
Publicado: Bratislava Národná rada Slovenskej republiky [1997]
Materias:
Etiquetas: Agregar Etiqueta
Sin Etiquetas, Sea el primero en etiquetar este registro!

MARC

LEADER 00000nam a2200000 4500
001 c021225
005 20251009091138.4
041 0 |a slo 
044 |a SK 
245 1 0 |a Správa o 27. schôdzi Národnej rady Slovenskej republiky - 5. rokovací deň - 21. mája 1997  |b 1. volebné obdobie 
264 1 |a Bratislava  |b Národná rada Slovenskej republiky  |c [1997] 
300 |a S.697-732 
610 2 0 |a parlamenty 
610 2 0 |a schôdze 
610 2 0 |a NR SR Bratislava 
610 2 0 |a Slovensko